| Tag |
First Indicator |
Second Indicator |
Subfields |
| LEADER |
00000nam a2200000 i 4500 |
| 001 |
in00004762016 |
| 006 |
m o d f |
| 007 |
cr ||||||||||| |
| 008 |
231121s2023 dcu oz f000 0 eng c |
| 005 |
20231213203749.4 |
| 035 |
|
|
|a (OCoLC)on1410316464
|
| 040 |
|
|
|a GPO
|b eng
|e rda
|e pn
|c GPO
|d MvI
|
| 042 |
|
|
|a pcc
|
| 043 |
|
|
|a n-us---
|a a-pp---
|
| 049 |
|
|
|a WWW
|
| 074 |
|
|
|a 0899-A-01 (online)
|
| 086 |
0 |
|
|a S 9.10:23-816.1
|
| 130 |
0 |
|
|a Agreement between the United States of America and the Independent State of Papua New Guinea Concerning Counter Illicit Transnational Maritime Activity Operations
|d (2023 May 22)
|0 https://id.loc.gov/authorities/names/no2023129020
|
| 245 |
1 |
0 |
|a Maritime matters :
|b shiprider : agreement between the United States of America and Papua New Guinea, signed at Port Moresby, May 22, 2023 ; entered into force August 16, 2023.
|
| 246 |
3 |
0 |
|a Agreement between the United States of America and Papua New Guinea, signed at Port Moresby, May 22, 2023 ; entered into force August 16, 2023
|
| 264 |
|
1 |
|a [Washington, D.C.] :
|b United States Department of State,
|c [2023?]
|
| 300 |
|
|
|a 1 online resource (21 pages).
|
| 336 |
|
|
|a text
|b txt
|2 rdacontent
|
| 337 |
|
|
|a computer
|b c
|2 rdamedia
|
| 338 |
|
|
|a online resource
|b cr
|2 rdacarrier
|
| 490 |
1 |
|
|a Treaties and other international acts series ;
|v 23-816.1
|
| 500 |
|
|
|a In scope of the U.S. Government Publishing Office Cataloging and Indexing Program (C&I) and Federal Depository Library Program (FDLP).
|
| 500 |
|
|
|a GPO Cataloging Record Distribution Program (CRDP).
|
| 588 |
|
|
|a Description based on online resource; title from PDF title screen (U.S. Department of State web site, viewed on Nov. 21, 2023).
|
| 650 |
|
0 |
|a Maritime law
|z Papua New Guinea.
|
| 650 |
|
0 |
|a Maritime law
|z United States.
|
| 650 |
|
0 |
|a Maritime law
|x International cooperation.
|
| 655 |
|
7 |
|a Treaties.
|2 lcgft
|0 https://id.loc.gov/authorities/genreForms/gf2011026707
|
| 710 |
1 |
|
|a United States.
|b Department of State,
|0 https://id.loc.gov/authorities/names/n80126198
|e issuing body.
|
| 710 |
1 |
|
|a Papua New Guinea,
|0 https://id.loc.gov/authorities/names/n81034915
|e participant in treaty.
|
| 710 |
1 |
|
|a United States,
|0 https://id.loc.gov/authorities/names/n78095330
|e participant in treaty.
|
| 830 |
|
0 |
|a Treaties and other international acts series ;
|0 https://id.loc.gov/authorities/names/n84731555
|v 23-816.1.
|
| 856 |
4 |
0 |
|u https://purl.fdlp.gov/GPO/gpo220370
|t 0
|
| 999 |
f |
f |
|s c92e180b-49e2-429b-bc02-154f27f06338
|i d5801ca6-762e-48fc-96bd-05b4803e64de
|t 0
|
| 952 |
f |
f |
|a Texas A&M University
|b College Station
|c Electronic Resources
|d Available Online
|t 0
|e S 9.10:23-816.1
|h Superintendent of Documents classification
|
| 998 |
f |
f |
|a S 9.10:23-816.1
|t 0
|l Available Online
|